Statistics for Radiohead Songs

Click here to take the quiz!

General Stats

  • This quiz has been taken 208 times
  • The average score is 7 of 15

Answer Stats

HintAnswer% Correct
Ice age coming, ice age comingIdioteque
83%
I'm back to save the universeAirbag
71%
Black-eyed angels swam with mePyramid Song
68%
Hey man slow down!The Tourist
66%
I'm in the middle of your picture, lying in the reedsAll I Need
61%
Blame it on the falling skyBlack Star
61%
You can taste it but it will not formPlanet Telex
54%
Don't question authority or put in a box2 + 2 = 5
50%
Before you're lost between the notesJigsaw Falling Into Place
49%
Rats and children follow me out of townKid A
45%
Cracked eggs, dead birdsStreet Spirit (Fade Out)
38%
Don't look in the mirror at the face you don't recogniseA Wolf at the Door
26%
Just dragonflies, flying to the sideCodex
25%
Everything I touch, turns to stoneBlow Out
18%
Nowhere to sit without a gun in my handProve Yourself
12%

Score Distribution

Percentile by Number Answered

Percent of People with Each Score

Your Score History

You have not taken this quiz